000
nam a22 7a 4500
999
_c
234686
_d
234686
003
Nust
005
20170329130904.0
008
170329b xxu||||| |||| 00| 0 eng d
040
_c
DLC
082
_a
363.3493095 PAK
245
_a
Pakistan : Floods 2010
942
_2
ddc
_c
BK